000 00353nam a2200133Ia 4500
008 240624s9999 xx 000 0 und d
041 _aeng
082 _a658.421 HOS
100 _aHOSKINSON SHERRY
245 _aINNOVATIVE PATHWAYS FOR UNIVERSITY ENTRE
260 _c2014
_aUnited Kingdom
_bEmerald
300 _axiv, 254 p.; 23 cm.
365 _cBPS
_b30
999 _c30109
_d30109